Proceedings of the international symposium on biotechnology of salt ponds
Gorde:
| Egile nagusia: | |
|---|---|
| Formatua: | Liburua |
| Hizkuntza: | Undetermined |
| Argitaratua: |
China
Salt Research Institute
1991
|
| Gaiak: | |
| Etiketak: |
Etiketa erantsi
Etiketarik gabe, Izan zaitez lehena erregistro honi etiketa jartzen!
|
| Thư viện lưu trữ: | Trung tâm Học liệu Trường Đại học Cần Thơ |
|---|
| LEADER | 00515nam a2200181Ia 4500 | ||
|---|---|---|---|
| 001 | CTU_150077 | ||
| 008 | 210402s9999 xx 000 0 und d | ||
| 082 | |a 577.636 | ||
| 082 | |b T163 | ||
| 100 | |a Tanggu, Tianjin | ||
| 245 | 0 | |a Proceedings of the international symposium on biotechnology of salt ponds | |
| 245 | 0 | |c Tianjin Tanggu | |
| 260 | |a China | ||
| 260 | |b Salt Research Institute | ||
| 260 | |c 1991 | ||
| 650 | |a Fish ponds | ||
| 904 | |i Giang | ||
| 980 | |a Trung tâm Học liệu Trường Đại học Cần Thơ | ||